000 00663nam a2200265Ia 4500
003 OSt
005 20221007074637.0
006 a|||||r|||| 00| 0
007 ta
008 221006b |||||||| |||| 00| 0 eng d
024 _a5,419
037 _cTextual
040 _aFLL
_cFLL
_beng
041 _2eng
_aeng
082 _aZ2,94, L3
100 _aRatanlal
245 0 _aLaw of evidence
250 _a6th
260 _aNagpur
_bWadhwa and Comp. India
_c1973
300 _axxxvii,395p
_ccm.
650 _aEvidence law
_9681863
700 _a Dhirajlal
942 _hZ2,94, L3
_cTEXL
_2CC
999 _c1153187
_d1153187